[Event "Benidorm Satellite preliminary"]
[Site "playchess.com #007036"]
[Date "2009.10.24"]
[Round "8"]
[White "Yang Guo"]
[Black "Juraldo"]
[Result "1-0"]
[WhiteElo "2797"]
[BlackElo "2663"]
[PlyCount "127"]
[EventDate "2009.10.24"]
[EventType "swiss (blitz)"]

1. e4 {[%emt 0:00:01]} e6 {[%emt 0:00:04]} 2. d4 {[%emt 0:00:02]} d5 {[%emt 0:
00:03]} 3. Nc3 {[%emt 0:00:01]} Bb4 {[%emt 0:00:01]} 4. e5 {[%emt 0:00:04]} Ne7
{[%emt 0:00:01]} 5. a3 {[%emt 0:00:03]} Bxc3+ {[%emt 0:00:01]} 6. bxc3 {[%emt
0:00:00]} c5 {[%emt 0:00:00]} 7. Qg4 {[%emt 0:00:01]} O-O {[%emt 0:00:01]} 8.
Bd3 {[%emt 0:00:05]} f5 {[%emt 0:00:01]} 9. exf6 {[%emt 0:00:02]} Rxf6 {[%emt
0:00:01]} 10. Bg5 {[%emt 0:00:01]} Rf7 {[%emt 0:00:01]} 11. Qh5 {[%emt 0:00:01]
} g6 {[%emt 0:00:01]} 12. Qd1 {[%emt 0:00:02]} Nbc6 {[%emt 0:00:01]} 13. Nf3 {
[%emt 0:00:02]} Qf8 {[%emt 0:00:01]} 14. O-O {[%emt 0:00:32]} c4 {[%emt 0:00:
01]} 15. Be2 {[%emt 0:00:02]} h6 {[%emt 0:00:01]} 16. Bc1 {[%emt 0:00:07]} Kh7
{[%emt 0:00:01]} 17. a4 {[%emt 0:00:14]} Qg7 {[%emt 0:00:03]} 18. h3 {[%emt 0:
00:11]} g5 {[%emt 0:00:02]} 19. Nh2 {[%emt 0:00:03]} Bd7 {[%emt 0:00:12]} 20.
Bh5 {[%emt 0:00:05]} Ng6 {[%emt 0:00:01]} 21. Ng4 {[%emt 0:00:05]} Rg8 {[%emt
0:00:02]} 22. Re1 {[%emt 0:00:03]} Rf5 {[%emt 0:00:02]} 23. Ne3 {[%emt 0:00:22]
} Rf6 {[%emt 0:00:08]} 24. Ba3 {[%emt 0:00:04]} Nf4 {[%emt 0:00:07]} 25. Bf3 {
[%emt 0:00:10]} Qf7 {[%emt 0:00:09]} 26. Kh2 {[%emt 0:00:21]} h5 {[%emt 0:00:
29]} 27. Bd6 {[%emt 0:00:24]} Rh6 {[%emt 0:00:09]} 28. Rb1 {[%emt 0:00:12]} Bc8
{[%emt 0:00:17]} 29. g3 {[%emt 0:00:11]} Nxh3 {[%emt 0:00:04]} 30. Kxh3 {[%emt
0:00:00]} g4+ {[%emt 0:00:01]} 31. Bxg4 {[%emt 0:00:02]} hxg4+ {[%emt 0:00:02]}
32. Kg2 {[%emt 0:00:00]} e5 {[%emt 0:01:03] '} 33. Bxe5 {[%emt 0:00:18]} Bf5 {
[%emt 0:00:04]} 34. Nxf5 {[%emt 0:00:11]} Qxf5 {[%emt 0:00:00]} 35. Qe2 {[%emt
0:00:00]} Re8 {[%emt 0:00:09]} 36. Rh1 {[%emt 0:00:03]} Nxe5 {[%emt 0:00:05]}
37. Rxh6+ {[%emt 0:00:01]} Kxh6 {[%emt 0:00:01]} 38. Re1 {[%emt 0:00:02]} Nd3 {
[%emt 0:00:22]} 39. Qd2+ {[%emt 0:00:03]} Nf4+ {[%emt 0:00:02]} 40. gxf4 {
[%emt 0:00:03]} Re4 {[%emt 0:00:04]} 41. Rh1+ {[%emt 0:00:01]} Kg6 {[%emt 0:00:
01]} 42. Rg1 {[%emt 0:00:02]} Rxf4 {[%emt 0:00:01]} 43. Kf1 {[%emt 0:00:00]}
Rf3 {[%emt 0:00:04]} 44. Qe2 {[%emt 0:00:01]} g3 {[%emt 0:00:03]} 45. Qxf3 {
[%emt 0:00:01]} Qxf3 {[%emt 0:00:02]} 46. Rxg3+ {[%emt 0:00:00]} Qxg3 {[%emt 0:
00:03]} 47. fxg3 {[%emt 0:00:00]} a5 {[%emt 0:00:03]} 48. Kg2 {[%emt 0:00:02]}
Kf5 {[%emt 0:00:04]} 49. Kf3 {[%emt 0:00:01]} b5 {[%emt 0:00:01]} 50. axb5 {
[%emt 0:00:01]} a4 {[%emt 0:00:00]} 51. g4+ {[%emt 0:00:01]} Kg5 {[%emt 0:00:
02]} 52. b6 {[%emt 0:00:01]} a3 {[%emt 0:00:00]} 53. b7 {[%emt 0:00:00]} a2 {
[%emt 0:00:00]} 54. b8=Q {[%emt 0:00:00]} a1=Q {[%emt 0:00:00]} 55. Qf4+ {
[%emt 0:00:01]} Kg6 {[%emt 0:00:03]} 56. Qf5+ {[%emt 0:00:01]} Kg7 {[%emt 0:00:
01]} 57. Qe5+ {[%emt 0:00:01]} Kg6 {[%emt 0:00:01]} 58. Qe6+ {[%emt 0:00:01]}
Kg7 {[%emt 0:00:02]} 59. Qe5+ {[%emt 0:00:03]} Kg6 {[%emt 0:00:01]} 60. Qe8+ {
[%emt 0:00:04]} Kg7 {[%emt 0:00:02]} 61. Qe3 {[%emt 0:00:01]} Qd1+ {[%emt 0:00:
04]} 62. Qe2 {[%emt 0:00:02]} Qh1+ {[%emt 0:00:03]} 63. Kf4 {[%emt 0:00:01]}
Qh2+ {[%emt 0:00:08]} 64. Qxh2 {[%emt 0:00:02] Juraldo resigns} 1-0

[Event "Benidorm Satellite preliminary"]
[Site "playchess.com #007036"]
[Date "2009.10.24"]
[Round "8"]
[White "Novoselski"]
[Black "Dr-Bassem"]
[Result "1-0"]
[WhiteElo "2713"]
[BlackElo "2843"]
[PlyCount "139"]
[EventDate "2009.10.24"]
[EventType "swiss (blitz)"]

1. e4 {[%emt 0:00:02]} e5 {[%emt 0:00:01]} 2. Nf3 {[%emt 0:00:01]} Nc6 {[%emt
0:00:00]} 3. Bb5 {[%emt 0:00:01]} a6 {[%emt 0:00:01]} 4. Ba4 {[%emt 0:00:01]}
Nf6 {[%emt 0:00:01]} 5. O-O {[%emt 0:00:01]} Nxe4 {[%emt 0:00:02]} 6. d4 {
[%emt 0:00:02]} b5 {[%emt 0:00:00]} 7. Bb3 {[%emt 0:00:01]} d5 {[%emt 0:00:01]}
8. dxe5 {[%emt 0:00:01]} Be6 {[%emt 0:00:00]} 9. Qe2 {[%emt 0:00:01]} Be7 {
[%emt 0:00:06]} 10. Rd1 {[%emt 0:00:01]} O-O {[%emt 0:00:01]} 11. c4 {[%emt 0:
00:01]} bxc4 {[%emt 0:00:01]} 12. Bxc4 {[%emt 0:00:01]} Bc5 {[%emt 0:00:00]}
13. Be3 {[%emt 0:00:07]} Bxe3 {[%emt 0:00:01]} 14. Qxe3 {[%emt 0:00:01]} Qb8 {
[%emt 0:00:01]} 15. Bb3 {[%emt 0:00:07]} Na5 {[%emt 0:00:01]} 16. Bxd5 {[%emt
0:00:09]} Bxd5 {[%emt 0:00:07]} 17. Rxd5 {[%emt 0:00:01]} Qxb2 {[%emt 0:00:06]}
18. Qd4 {[%emt 0:00:03]} Qc1+ {[%emt 0:01:18]} 19. Qd1 {[%emt 0:00:03]} Qb2 {
[%emt 0:00:06]} 20. Qd4 {[%emt 0:00:15]} Qc1+ {[%emt 0:00:01]} 21. Qd1 {[%emt
0:00:01]} Qxd1+ {[%emt 0:00:01]} 22. Rxd1 {[%emt 0:00:01]} Rfd8 {[%emt 0:00:07]
} 23. Re1 {[%emt 0:00:15]} Nc5 {[%emt 0:00:04]} 24. Nbd2 {[%emt 0:00:13]} Nd3 {
[%emt 0:00:06]} 25. Red1 {[%emt 0:00:15]} Rab8 {[%emt 0:00:03]} 26. Ne4 {[%emt
0:00:04]} Nc4 {[%emt 0:00:04]} 27. e6 {[%emt 0:00:10]} fxe6 {[%emt 0:00:03]}
28. Nfg5 {[%emt 0:00:03]} Ncb2 {[%emt 0:00:43]} 29. Rf1 {[%emt 0:00:04]} Rb6 {
[%emt 0:00:07]} 30. Nf3 {[%emt 0:00:25]} h6 {[%emt 0:00:04]} 31. h3 {[%emt 0:
00:10]} Rc6 {[%emt 0:00:01]} 32. Ne1 {[%emt 0:00:12]} Ne5 {[%emt 0:00:15]} 33.
f4 {[%emt 0:00:10]} Nec4 {[%emt 0:00:03]} 34. Rf2 {[%emt 0:00:09]} Nd1 {[%emt
0:00:13]} 35. Re2 {[%emt 0:00:04]} Nde3 {[%emt 0:00:04]} 36. Nc2 {[%emt 0:00:
04]} Nd5 {[%emt 0:00:04]} 37. Rf1 {[%emt 0:00:08]} Rb6 {[%emt 0:00:03]} 38. Nd4
{[%emt 0:00:12]} Nc3 {[%emt 0:00:05]} 39. Nxc3 {[%emt 0:00:03]} Rxd4 {[%emt 0:
00:00]} 40. f5 {[%emt 0:00:03]} e5 {[%emt 0:00:01]} 41. Ne4 {[%emt 0:00:04]}
Rb2 {[%emt 0:00:03]} 42. Ree1 {[%emt 0:00:03]} Nd2 {[%emt 0:00:02]} 43. Rf2 {
[%emt 0:00:03]} Rxa2 {[%emt 0:00:03]} 44. f6 {[%emt 0:00:02]} gxf6 {[%emt 0:00:
05]} 45. Nxf6+ {[%emt 0:00:01]} Kg7 {[%emt 0:00:01]} 46. Ng4 {[%emt 0:00:01]}
e4 {[%emt 0:00:01]} 47. Ne3 {[%emt 0:00:01]} Kg6 {[%emt 0:00:07]} 48. Nf1 {
[%emt 0:00:11] .} Rd3 {[%emt 0:00:02]} 49. Ree2 {[%emt 0:00:04]} Rb2 {[%emt 0:
00:02]} 50. Rxd2 {[%emt 0:00:03]} Rdxd2 {[%emt 0:00:05]} 51. Rxd2 {[%emt 0:00:
00]} Rxd2 {[%emt 0:00:01]} 52. Nxd2 {[%emt 0:00:00]} Kf5 {[%emt 0:00:00]} 53.
Kf2 {[%emt 0:00:01]} a5 {[%emt 0:00:02]} 54. Ke3 {[%emt 0:00:01]} a4 {[%emt 0:
00:00]} 55. Nc4 {[%emt 0:00:00]} h5 {[%emt 0:00:01]} 56. g3 {[%emt 0:00:00]} c5
{[%emt 0:00:01]} 57. Nd6+ {[%emt 0:00:01]} Ke5 {[%emt 0:00:01]} 58. Nxe4 {
[%emt 0:00:00]} a3 {[%emt 0:00:00]} 59. Nc3 {[%emt 0:00:01]} c4 {[%emt 0:00:00]
} 60. g4 {[%emt 0:00:01]} hxg4 {[%emt 0:00:01]} 61. hxg4 {[%emt 0:00:00]} Kf6 {
[%emt 0:00:00]} 62. Kf4 {[%emt 0:00:01]} Kg6 {[%emt 0:00:00]} 63. g5 {[%emt 0:
00:01]} Kg7 {[%emt 0:00:01]} 64. Kf5 {[%emt 0:00:00]} Kf7 {[%emt 0:00:00]} 65.
g6+ {[%emt 0:00:01]} Kg7 {[%emt 0:00:00]} 66. Kg5 {[%emt 0:00:00]} Kg8 {[%emt
0:00:01]} 67. Kf6 {[%emt 0:00:01]} Kf8 {[%emt 0:00:00]} 68. g7+ {[%emt 0:00:03]
} Kg8 {[%emt 0:00:01]} 69. Nd5 {[%emt 0:00:01]} a2 {[%emt 0:00:03]} 70. Ne7+ {
[%emt 0:00:01] Dr-Bassem resigns} 1-0

[Event "Benidorm Satellite preliminary"]
[Site "playchess.com #007036"]
[Date "2009.10.24"]
[Round "8"]
[White "Alexrules01"]
[Black "Baby Animals"]
[Result "1/2-1/2"]
[WhiteElo "1587"]
[BlackElo "1751"]
[PlyCount "174"]
[EventDate "2009.10.24"]
[EventType "swiss (blitz)"]

1. d4 {[%emt 0:00:01]} d5 {[%emt 0:00:01]} 2. c4 {[%emt 0:00:00]} Nf6 {[%emt 0:
00:01]} 3. cxd5 {[%emt 0:00:02]} Nxd5 {[%emt 0:00:01]} 4. Nc3 {[%emt 0:00:01]}
c6 {[%emt 0:00:01]} 5. e4 {[%emt 0:00:02]} Nf6 {[%emt 0:00:02]} 6. Nf3 {[%emt
0:00:04]} e6 {[%emt 0:00:01]} 7. Bg5 {[%emt 0:00:02]} Be7 {[%emt 0:00:01]} 8.
Bc4 {[%emt 0:00:06]} O-O {[%emt 0:00:01]} 9. O-O {[%emt 0:00:01]} a6 {[%emt 0:
00:01]} 10. Qe2 {[%emt 0:00:08]} b5 {[%emt 0:00:01]} 11. Bb3 {[%emt 0:00:01]}
a5 {[%emt 0:00:01]} 12. a3 {[%emt 0:00:02]} Nbd7 {[%emt 0:00:03]} 13. Rfd1 {
[%emt 0:00:24]} b4 {[%emt 0:00:03]} 14. axb4 {[%emt 0:00:02]} Bxb4 {[%emt 0:00:
02]} 15. Rac1 {[%emt 0:00:02]} h6 {[%emt 0:00:02]} 16. Bh4 {[%emt 0:00:02]} Be7
{[%emt 0:00:03]} 17. Na4 {[%emt 0:00:24]} g5 {[%emt 0:00:03]} 18. Bg3 {[%emt 0:
00:03]} Nh5 {[%emt 0:00:01]} 19. Rxc6 {[%emt 0:00:25]} Nxg3 {[%emt 0:00:02]}
20. hxg3 {[%emt 0:00:07]} Nf6 {[%emt 0:00:06]} 21. e5 {[%emt 0:00:28]} Nd5 {
[%emt 0:00:10]} 22. Bxd5 {[%emt 0:00:03]} Qxd5 {[%emt 0:00:02]} 23. Rdc1 {
[%emt 0:00:04]} Bb7 {[%emt 0:00:03]} 24. Rc7 {[%emt 0:00:01]} Bb4 {[%emt 0:00:
08]} 25. Nc5 {[%emt 0:00:09]} Bxc5 {[%emt 0:00:04]} 26. R7xc5 {[%emt 0:00:01]}
Qe4 {[%emt 0:00:04]} 27. Qxe4 {[%emt 0:00:24]} Bxe4 {[%emt 0:00:01]} 28. Ra1 {
[%emt 0:00:02]} a4 {[%emt 0:00:10]} 29. Rc4 {[%emt 0:00:07]} Rfb8 {[%emt 0:00:
03]} 30. Rcxa4 {[%emt 0:00:24]} Rxa4 {[%emt 0:00:02]} 31. Rxa4 {[%emt 0:00:00]}
Rxb2 {[%emt 0:00:01]} 32. Ra7 {[%emt 0:00:06]} Rb1+ {[%emt 0:00:02]} 33. Kh2 {
[%emt 0:00:02]} Rb4 {[%emt 0:00:02]} 34. Rd7 {[%emt 0:00:04]} Rb2 {[%emt 0:00:
07]} 35. Kg1 {[%emt 0:00:03]} Kg7 {[%emt 0:00:06]} 36. Kf1 {[%emt 0:00:05]}
Bd3+ {[%emt 0:00:05]} 37. Kg1 {[%emt 0:00:01]} Rb1+ {[%emt 0:00:04]} 38. Kh2 {
[%emt 0:00:01]} Rf1 {[%emt 0:00:03]} 39. d5 {[%emt 0:00:01]} exd5 {[%emt 0:00:
03]} 40. Rxd5 {[%emt 0:00:01]} Be4 {[%emt 0:00:05]} 41. Rd2 {[%emt 0:00:05]}
Bf5 {[%emt 0:00:07]} 42. Nd4 {[%emt 0:00:08]} Be6 {[%emt 0:00:03]} 43. Nxe6+ {
[%emt 0:00:03]} fxe6 {[%emt 0:00:01]} 44. Rd7+ {[%emt 0:00:01]} Kg6 {[%emt 0:
00:01]} 45. Rd6 {[%emt 0:00:02]} Kf5 {[%emt 0:00:01]} 46. g4+ {[%emt 0:00:02]}
Kxe5 {[%emt 0:00:01]} 47. Rd2 {[%emt 0:00:04]} Re1 {[%emt 0:00:04]} 48. Kg3 {
[%emt 0:00:02]} Re4 {[%emt 0:00:02]} 49. Rd8 {[%emt 0:00:02]} Kf6 {[%emt 0:00:
02]} 50. Rh8 {[%emt 0:00:03]} Kg7 {[%emt 0:00:01]} 51. Re8 {[%emt 0:00:01]} Re1
{[%emt 0:00:10]} 52. Re7+ {[%emt 0:00:04]} Kg6 {[%emt 0:00:03]} 53. Re8 {[%emt
0:00:03]} e5 {[%emt 0:00:02]} 54. Kf3 {[%emt 0:00:02]} Kf7 {[%emt 0:00:07]} 55.
Rh8 {[%emt 0:00:01]} Kg7 {[%emt 0:00:01]} 56. Re8 {[%emt 0:00:02]} Kh7 {[%emt
0:00:03]} 57. Re6 {[%emt 0:00:05]} Kg7 {[%emt 0:00:02]} 58. g3 {[%emt 0:00:02]}
Kh7 {[%emt 0:00:04]} 59. Kg2 {[%emt 0:00:03]} Re2 {[%emt 0:00:02]} 60. Kf3 {
[%emt 0:00:01]} Re1 {[%emt 0:00:02]} 61. Kg2 {[%emt 0:00:01]} e4 {[%emt 0:00:
02]} 62. Re7+ {[%emt 0:00:05]} Kg6 {[%emt 0:00:02]} 63. Re6+ {[%emt 0:00:00]}
Kg7 {[%emt 0:00:02]} 64. Re5 {[%emt 0:00:01]} Kf6 {[%emt 0:00:03]} 65. Re8 {
[%emt 0:00:01]} h5 {[%emt 0:00:08] '} 66. gxh5 {[%emt 0:00:02]} g4 {[%emt 0:00:
01]} 67. h6 {[%emt 0:00:01]} Kg6 {[%emt 0:00:02]} 68. Re6+ {[%emt 0:00:02]} Kh7
{[%emt 0:00:01]} 69. Kh2 {[%emt 0:00:05]} Rf1 {[%emt 0:00:08]} 70. Kg2 {[%emt
0:00:01]} Re1 {[%emt 0:00:01]} 71. Kh2 {[%emt 0:00:01]} Re2 {[%emt 0:00:05]}
72. Kg2 {[%emt 0:00:03]} Kg8 {[%emt 0:00:03]} 73. Rg6+ {[%emt 0:00:03]} Kh7 {
[%emt 0:00:02]} 74. Rxg4 {[%emt 0:00:01]} e3 {[%emt 0:00:02]} 75. Rf4 {[%emt 0:
00:03]} exf2 {[%emt 0:00:01]} 76. Rxf2 {[%emt 0:00:01]} Re1 {[%emt 0:00:01]}
77. g4 {[%emt 0:00:02]} Kxh6 {[%emt 0:00:01]} 78. Kg3 {[%emt 0:00:01]} Re3+ {
[%emt 0:00:02]} 79. Rf3 {[%emt 0:00:01]} Re1 {[%emt 0:00:01]} 80. Kf4 {[%emt 0:
00:02]} Kg6 {[%emt 0:00:02]} 81. Rc3 {[%emt 0:00:03]} Rf1+ {[%emt 0:00:01]} 82.
Kg3 {[%emt 0:00:01]} Rg1+ {[%emt 0:00:01]} 83. Kf3 {[%emt 0:00:01]} Kg5 {[%emt
0:00:02]} 84. Rc5+ {[%emt 0:00:02]} Kg6 {[%emt 0:00:04]} 85. Ke4 {[%emt 0:00:
01]} Rxg4+ {[%emt 0:00:02]} 86. Ke3 {[%emt 0:00:02]} Kf6 {[%emt 0:00:01]} 87.
Kf3 {[%emt 0:00:01]} Rd4 {[%emt 0:00:01] Arbiter Decision (Draw by material)}
1/2-1/2

[Event "Benidorm Satellite preliminary"]
[Site "playchess.com #007036"]
[Date "2009.10.24"]
[Round "8"]
[White "Althusius"]
[Black "Xankov"]
[Result "1-0"]
[WhiteElo "1696"]
[BlackElo "1818"]
[PlyCount "139"]
[EventDate "2009.10.24"]
[EventType "swiss (blitz)"]

1. e4 {[%emt 0:00:03]} d5 {[%emt 0:00:02]} 2. exd5 {[%emt 0:00:02]} Qxd5 {
[%emt 0:00:01]} 3. Nc3 {[%emt 0:00:01]} Qd6 {[%emt 0:00:01]} 4. d4 {[%emt 0:00:
06]} Nf6 {[%emt 0:00:01]} 5. Nf3 {[%emt 0:00:02]} a6 {[%emt 0:00:01]} 6. g3 {
[%emt 0:00:01]} b5 {[%emt 0:00:16]} 7. Bg2 {[%emt 0:00:09]} Bb7 {[%emt 0:00:04]
} 8. O-O {[%emt 0:00:30]} e6 {[%emt 0:00:03]} 9. Bf4 {[%emt 0:00:12]} Qb6 {
[%emt 0:00:01]} 10. Re1 {[%emt 0:00:08]} Bd6 {[%emt 0:00:16]} 11. Qd2 {[%emt 0:
00:27]} O-O {[%emt 0:00:03]} 12. Qd3 {[%emt 0:00:46]} Nbd7 {[%emt 0:00:05]} 13.
Be5 {[%emt 0:00:32]} Rad8 {[%emt 0:00:20]} 14. Bxd6 {[%emt 0:00:22]} cxd6 {
[%emt 0:00:07]} 15. Rad1 {[%emt 0:00:04]} Rc8 {[%emt 0:00:08] '} 16. h4 {[%emt
0:00:02]} b4 {[%emt 0:00:06]} 17. Na4 {[%emt 0:00:02]} Qb5 {[%emt 0:00:12]} 18.
b3 {[%emt 0:00:03]} Qxd3 {[%emt 0:00:06]} 19. cxd3 {[%emt 0:00:01]} Rc2 {[%emt
0:00:03]} 20. Rd2 {[%emt 0:00:00]} Rfc8 {[%emt 0:00:03]} 21. Ree2 {[%emt 0:00:
00]} Rc1+ {[%emt 0:00:24]} 22. Kh2 {[%emt 0:00:01]} Nd5 {[%emt 0:00:20]} 23.
Nb2 {[%emt 0:00:01]} Nc3 {[%emt 0:00:06]} 24. Re1 {[%emt 0:00:01]} Rxe1 {[%emt
0:00:04]} 25. Nxe1 {[%emt 0:00:00]} Bxg2 {[%emt 0:00:02]} 26. Kxg2 {[%emt 0:00:
01]} Nxa2 {[%emt 0:00:03]} 27. Nc4 {[%emt 0:00:02]} Nc1 {[%emt 0:00:17]} 28.
Nxd6 {[%emt 0:00:04]} Rc6 {[%emt 0:00:14]} 29. Nc4 {[%emt 0:00:03]} Nxb3 {
[%emt 0:00:03]} 30. Rb2 {[%emt 0:00:01]} Nxd4 {[%emt 0:00:06]} 31. Rxb4 {[%emt
0:00:01]} Kf8 {[%emt 0:00:17]} 32. Ne5 {[%emt 0:00:03]} Nxe5 {[%emt 0:00:02]}
33. Rxd4 {[%emt 0:00:01]} Ke7 {[%emt 0:00:03]} 34. Ra4 {[%emt 0:00:01]} Rd6 {
[%emt 0:00:03]} 35. d4 {[%emt 0:00:02]} Nd7 {[%emt 0:00:04]} 36. Nf3 {[%emt 0:
00:02]} f6 {[%emt 0:00:03]} 37. Kf1 {[%emt 0:00:01]} Nb8 {[%emt 0:00:04]} 38.
Ke2 {[%emt 0:00:01]} Rb6 {[%emt 0:00:01]} 39. Ra2 {[%emt 0:00:03]} Nc6 {[%emt
0:00:02]} 40. Ke3 {[%emt 0:00:02]} Kd6 {[%emt 0:00:01]} 41. Ra3 {[%emt 0:00:02]
} Nb4 {[%emt 0:00:01]} 42. Ke4 {[%emt 0:00:02]} f5+ {[%emt 0:00:02]} 43. Kf4 {
[%emt 0:00:03]} Rc6 {[%emt 0:00:03]} 44. Ne5 {[%emt 0:00:01]} Rb6 {[%emt 0:00:
01]} 45. Nf7+ {[%emt 0:00:01]} Ke7 {[%emt 0:00:02]} 46. Ne5 {[%emt 0:00:01]}
Nd5+ {[%emt 0:00:01]} 47. Kf3 {[%emt 0:00:04]} Kd6 {[%emt 0:00:02]} 48. Ra5 {
[%emt 0:00:03]} Ke7 {[%emt 0:00:03]} 49. h5 {[%emt 0:00:01]} Kf6 {[%emt 0:00:
01]} 50. Nd7+ {[%emt 0:00:01]} Kg5 {[%emt 0:00:03]} 51. Nxb6 {[%emt 0:00:00]}
Nxb6 {[%emt 0:00:01]} 52. Rxa6 {[%emt 0:00:00]} Nd5 {[%emt 0:00:03]} 53. Rxe6 {
[%emt 0:00:01]} Kxh5 {[%emt 0:00:00]} 54. Re5 {[%emt 0:00:02]} Nf6 {[%emt 0:00:
02]} 55. Rxf5+ {[%emt 0:00:01]} Kg6 {[%emt 0:00:01]} 56. Rxf6+ {[%emt 0:00:01]}
Kxf6 {[%emt 0:00:02]} 57. g4 {[%emt 0:00:02]} Ke6 {[%emt 0:00:02]} 58. Ke4 {
[%emt 0:00:01]} h6 {[%emt 0:00:02]} 59. f4 {[%emt 0:00:01]} g6 {[%emt 0:00:02]}
60. d5+ {[%emt 0:00:02]} Kd6 {[%emt 0:00:02]} 61. f5 {[%emt 0:00:02]} gxf5+ {
[%emt 0:00:02]} 62. Kxf5 {[%emt 0:00:01]} Kxd5 {[%emt 0:00:03]} 63. Kg6 {[%emt
0:00:01]} Ke6 {[%emt 0:00:03]} 64. Kxh6 {[%emt 0:00:01]} Kf7 {[%emt 0:00:01]}
65. g5 {[%emt 0:00:02]} Kg8 {[%emt 0:00:02]} 66. Kg6 {[%emt 0:00:01]} Kh8 {
[%emt 0:00:01]} 67. Kf7 {[%emt 0:00:01]} Kh7 {[%emt 0:00:03]} 68. g6+ {[%emt 0:
00:01]} Kh8 {[%emt 0:00:03]} 69. g7+ {[%emt 0:00:00]} Kh7 {[%emt 0:00:00]} 70.
g8=Q+ {[%emt 0:00:02] Xankov abbandona} 1-0

[Event "Benidorm Satellite preliminary"]
[Site "playchess.com #007036"]
[Date "2009.10.24"]
[Round "8"]
[White "Tpeter"]
[Black "SteinerKarl"]
[Result "0-1"]
[WhiteElo "1178"]
[BlackElo "1641"]
[PlyCount "144"]
[EventDate "2009.10.24"]
[EventType "swiss (blitz)"]

1. Na3 {[%emt 0:00:02]} e5 {[%emt 0:00:04]} 2. c3 {[%emt 0:00:00]} d5 {[%emt 0:
00:04]} 3. Nc2 {[%emt 0:00:01]} f5 {[%emt 0:00:04]} 4. g3 {[%emt 0:00:01]} Nf6
{[%emt 0:00:02]} 5. Bg2 {[%emt 0:00:01]} c6 {[%emt 0:00:03]} 6. Nh3 {[%emt 0:
00:05]} Bd6 {[%emt 0:00:03]} 7. f4 {[%emt 0:00:01]} e4 {[%emt 0:00:02]} 8. Nf2
{[%emt 0:00:04]} O-O {[%emt 0:00:04]} 9. O-O {[%emt 0:00:05]} Qe7 {[%emt 0:00:
07]} 10. Re1 {[%emt 0:00:06]} Be6 {[%emt 0:00:08]} 11. d3 {[%emt 0:00:01]} Bc5
{[%emt 0:00:15]} 12. dxe4 {[%emt 0:00:11]} fxe4 {[%emt 0:00:13]} 13. Kf1 {
[%emt 0:00:03]} Qd7 {[%emt 0:00:13]} 14. b4 {[%emt 0:00:11]} Bb6 {[%emt 0:00:
06]} 15. a4 {[%emt 0:00:04]} a5 {[%emt 0:00:15]} 16. Nd4 {[%emt 0:00:09]} Bf7 {
[%emt 0:00:25]} 17. Bh3 {[%emt 0:00:07]} Qe8 {[%emt 0:00:10]} 18. b5 {[%emt 0:
00:18]} Bc5 {[%emt 0:00:05]} 19. Ba3 {[%emt 0:00:07]} Bxa3 {[%emt 0:00:07]} 20.
Rxa3 {[%emt 0:00:01]} c5 {[%emt 0:00:07]} 21. Nb3 {[%emt 0:00:13]} Nbd7 {[%emt
0:00:05]} 22. Ra2 {[%emt 0:00:08]} b6 {[%emt 0:00:03]} 23. Rc2 {[%emt 0:00:07]}
d4 {[%emt 0:00:09]} 24. cxd4 {[%emt 0:00:05]} Bxb3 {[%emt 0:00:03]} 25. Qb1 {
[%emt 0:00:11]} Bxc2 {[%emt 0:00:03]} 26. Qxc2 {[%emt 0:00:02]} Nd5 {[%emt 0:
00:07]} 27. e3 {[%emt 0:00:08]} N7f6 {[%emt 0:00:10]} 28. Bf5 {[%emt 0:00:10]}
Qh5 {[%emt 0:00:30]} 29. Bxe4 {[%emt 0:00:09]} Nxe4 {[%emt 0:00:02]} 30. Qxe4 {
[%emt 0:00:09]} Rad8 {[%emt 0:00:02]} 31. Qe6+ {[%emt 0:00:16] .} Kh8 {[%emt 0:
00:02]} 32. h4 {[%emt 0:00:03]} Qf7 {[%emt 0:00:02]} 33. Qe4 {[%emt 0:00:12]}
Rfe8 {[%emt 0:00:02]} 34. Qd3 {[%emt 0:00:02]} Qe7 {[%emt 0:00:03]} 35. Ng4 {
[%emt 0:00:02]} Nb4 {[%emt 0:00:03]} 36. Qd2 {[%emt 0:00:04]} Qe4 {[%emt 0:00:
02]} 37. Nf2 {[%emt 0:00:07]} Qc2 {[%emt 0:00:03]} 38. Qxc2 {[%emt 0:00:02]}
Nxc2 {[%emt 0:00:02]} 39. Re2 {[%emt 0:00:01]} Nxe3+ {[%emt 0:00:02]} 40. Rxe3
{[%emt 0:00:04]} Rxe3 {[%emt 0:00:02]} 41. Kg2 {[%emt 0:00:01]} cxd4 {[%emt 0:
00:02]} 42. Ng4 {[%emt 0:00:03]} Re2+ {[%emt 0:00:02]} 43. Kf3 {[%emt 0:00:01]}
Ra2 {[%emt 0:00:01]} 44. Ne5 {[%emt 0:00:03]} Kg8 {[%emt 0:00:03]} 45. Nc6 {
[%emt 0:00:03]} Rd7 {[%emt 0:00:02]} 46. Ne5 {[%emt 0:00:03]} Re7 {[%emt 0:00:
02]} 47. Nc6 {[%emt 0:00:02]} Re1 {[%emt 0:00:02]} 48. Nxd4 {[%emt 0:00:02]}
Rf1+ {[%emt 0:00:02]} 49. Ke3 {[%emt 0:00:02]} Ra3+ {[%emt 0:00:02]} 50. Ke4 {
[%emt 0:00:02]} Rxa4 {[%emt 0:00:02]} 51. Ke5 {[%emt 0:00:03]} Re1+ {[%emt 0:
00:03]} 52. Kd5 {[%emt 0:00:03]} Rd1 {[%emt 0:00:02]} 53. Ke5 {[%emt 0:00:02]}
Raxd4 {[%emt 0:00:02]} 54. Kf5 {[%emt 0:00:02]} a4 {[%emt 0:00:01]} 55. Kg4 {
[%emt 0:00:01]} a3 {[%emt 0:00:01]} 56. Kf3 {[%emt 0:00:01]} a2 {[%emt 0:00:01]
} 57. Kg4 {[%emt 0:00:01]} a1=Q {[%emt 0:00:02]} 58. Kf5 {[%emt 0:00:01]} Rd5+
{[%emt 0:00:02]} 59. Kg4 {[%emt 0:00:01]} Qf6 {[%emt 0:00:03]} 60. Kh3 {[%emt
0:00:01]} Rh1+ {[%emt 0:00:02]} 61. Kg2 {[%emt 0:00:01]} Rdd1 {[%emt 0:00:02]}
62. Kf3 {[%emt 0:00:01]} Qc3+ {[%emt 0:00:03]} 63. Kg4 {[%emt 0:00:01]} h5+ {
[%emt 0:00:02]} 64. Kf5 {[%emt 0:00:01]} g6+ {[%emt 0:00:01]} 65. Kg5 {[%emt 0:
00:01]} Qg7 {[%emt 0:00:03]} 66. g4 {[%emt 0:00:05]} Rd5+ {[%emt 0:00:02]} 67.
f5 {[%emt 0:00:04]} hxg4 {[%emt 0:00:03]} 68. Kxg4 {[%emt 0:00:01]} gxf5+ {
[%emt 0:00:02]} 69. Kf4 {[%emt 0:00:02]} Qg4+ {[%emt 0:00:02]} 70. Ke3 {[%emt
0:00:02]} Rh3+ {[%emt 0:00:01]} 71. Kf2 {[%emt 0:00:01]} Rd2+ {[%emt 0:00:02]}
72. Ke1 {[%emt 0:00:01]} Qe2# {[%emt 0:00:01]} 0-1